=LDR 00000nam 2200000 4500 =001 INLIS000000000028560 =005 20130612130845 =008 ***********************************Ind** =035 ##$$a0010-061300000028560 =041 ##$$a Ind =082 ##$$a 787 =090 ##$$a 787, Asr k =100 ##$$a Asriyandi, Derry =245 ##$$a Kumpulan skor gitar dan lagu populer, belajar mengiringi lagu dengan gitar, Derry Asriyandi =260 ##$$a 2007 $b jakarta =300 ##$$a vi, 94 hlm, ilus, 24 cm =650 ##$$a Gitar-Akor =850 ##$$a NBPNMAT =990 ##$$a 21400613/BPAP-NTB/20142014